<?xml version="1.0" encoding="UTF-8"?>
<collection xmlns="http://www.loc.gov/MARC21/slim">
 <record>
  <leader>02132nam a2200349 a 4500</leader>
  <controlfield tag="001">TVCDKTCT13428</controlfield>
  <controlfield tag="003">Thư viện trường Cao đẳng Kỹ thuật Cao Thắng</controlfield>
  <controlfield tag="005">20111205000000</controlfield>
  <controlfield tag="008">111205</controlfield>
  <datafield tag="980" ind1="\" ind2="\">
   <subfield code="a">Thư viện Trường CĐ Kỹ Thuật Cao Thắng</subfield>
  </datafield>
  <datafield tag="024" ind1=" " ind2=" ">
   <subfield code="a">RG_1 #1 eb0 i1</subfield>
  </datafield>
  <datafield tag="041" ind1="0" ind2="#">
   <subfield code="a">vie</subfield>
  </datafield>
  <datafield tag="082" ind1="#" ind2="#">
   <subfield code="a">005.1 / </subfield>
   <subfield code="b">B450Đ-l</subfield>
  </datafield>
  <datafield tag="100" ind1="1" ind2="#">
   <subfield code="a">Lê Hoài Quốc</subfield>
  </datafield>
  <datafield tag="245" ind1="0" ind2="0">
   <subfield code="a">Bộ điều khiển lập trình vận hành và ứng dụng /</subfield>
   <subfield code="c">Lê Hoài Quốc, Chung Tấn Lâm</subfield>
  </datafield>
  <datafield tag="250" ind1="#" ind2="#">
   <subfield code="a">Tái bản lần thứ 3</subfield>
  </datafield>
  <datafield tag="260" ind1="#" ind2="#">
   <subfield code="a">H. :</subfield>
   <subfield code="b">Khoa học  và Kỹ thuật ,</subfield>
   <subfield code="c">2008</subfield>
  </datafield>
  <datafield tag="300" ind1="#" ind2="#">
   <subfield code="a">311tr. ;</subfield>
   <subfield code="c">24cm</subfield>
  </datafield>
  <datafield tag="520" ind1="#" ind2="#">
   <subfield code="a">Giáo trình lấy khung tự giới thiệu nội dung của TLTK với phần nội dung cập nhật và bổ sung đồng thời chọn cấu hình của hãng MISUBISHI ELECTRIC làm cơ sở trình bày và minh họa. Nội dung của giáo trình gồm các chương sau đây:</subfield>
  </datafield>
  <datafield tag="520" ind1="#" ind2="#">
   <subfield code="a">Chương 1: Tổng quan về các hệ thống điều khiển</subfield>
  </datafield>
  <datafield tag="520" ind1="#" ind2="#">
   <subfield code="a">Chương 2: Bộ điều khiển lập trình</subfield>
  </datafield>
  <datafield tag="520" ind1="#" ind2="#">
   <subfield code="a">Chương 3: Phương pháp lập trình trên PLC</subfield>
  </datafield>
  <datafield tag="520" ind1="#" ind2="#">
   <subfield code="a">Chương 4: Ngôn ngữ lập trình Ladder</subfield>
  </datafield>
  <datafield tag="520" ind1="#" ind2="#">
   <subfield code="a">Chương 5: Kỹ thuật lập trình điều khiển trình tự</subfield>
  </datafield>
  <datafield tag="520" ind1="#" ind2="#">
   <subfield code="a">Chương 6: Các chức năng chuyên dùng trên PLC</subfield>
  </datafield>
  <datafield tag="520" ind1="#" ind2="#">
   <subfield code="a">Chương 7: Truyền thông trên PLC</subfield>
  </datafield>
  <datafield tag="520" ind1="#" ind2="#">
   <subfield code="a">Chương 8: Ứng dụng PLC trong điều khiển công nghiệp</subfield>
  </datafield>
  <datafield tag="520" ind1="#" ind2="#">
   <subfield code="a">Chương 9: Lựa chọn, lắp đặt, kiểm tra và bảo trì hệ thống PLC</subfield>
  </datafield>
  <datafield tag="520" ind1="#" ind2="#">
   <subfield code="a">Để giúp bạn đọc nắm vững nội dung và khai thác tốt trong ứng dụng thực tế, cuối mỗi chương có phần tóm tắt nội dung và câu hỏi ôn tập.</subfield>
  </datafield>
  <datafield tag="650" ind1="#" ind2="4">
   <subfield code="a">Kỹ thuật lập trình</subfield>
  </datafield>
  <datafield tag="650" ind1="#" ind2="4">
   <subfield code="a">Lập trình ứng dụng</subfield>
  </datafield>
  <datafield tag="700" ind1="0" ind2="#">
   <subfield code="a">Chung Tấn Lâm</subfield>
  </datafield>
 </record>
</collection>
